| 000 | 00439nam a22001697a 4500 | ||
|---|---|---|---|
| 003 | SGT | ||
| 020 | _a9789389034820 | ||
| 082 |
_a615.8 _bJ19L |
||
| 100 | _aLEVANGIS, PAMELA K. | ||
| 245 | _aJOINT STRUCTURE & FUNCTION A COMPREHENSIVE ANALYSIS | ||
| 250 | _a6TH | ||
| 260 |
_aINDIA _bJAYPEE PUB _c2019 |
||
| 300 | _a535 | ||
| 650 | _aSPORT SCIENCE | ||
| 653 | _aJOINT STRUCTURE & FUNCTION A COMPREHENSIVE ANALYSIS | ||
| 942 |
_2ddc _cBK |
||
| 999 |
_c33176 _d33176 |
||